[Event "Chigorin Memorial 2018"]
[Site "St. Petersburg"]
[Date "2018.10.30"]
[Round "4.95"]
[White "Ponomarev, Denis"]
[Black "Zaichikov, Andrey"]
[Result "0-1"]
[WhiteElo "1879"]
[BlackElo "2202"]
[PlyCount "132"]
[EventDate "2018.10.27"]
[EventType "swiss"]
[EventCountry "RUS"]
[WhiteTeam "Russland"]
[BlackTeam "Russland"]
[WhiteTeamCountry "RUS"]
[BlackTeamCountry "RUS"]

1. e4 e5 2. Nf3 Nc6 3. Bb5 Nge7 4. O-O g6 5. c3 Bg7 6. d4 exd4 7. cxd4 d5 8. exd5 Nxd5 9. Re1+ Be6 10. Ne5 Qd6 11. Nd2 O-O 12. Ne4 Qb4 13. Bxc6 bxc6 14. Nxc6 Qb6 15. Ne5 Rad8 16. Bd2 Bf5 17. Qa4 Rfe8 18. Ba5 Qa6 19. Nc5 Qc8 20. Nc6 Bd7 21. Nxd7 Qxd7 22. Qc4 Ra8 23. Ne5 Qd6 24. Nf3 Bf6 25. Rac1 Rxe1+ 26. Rxe1 Rc8 27. Qa4 Kg7 28. Bc3 a6 29. Ne5 Nf4 30. Qc4 Nd5 31. Qa4 Rd8 32. Qc4 Re8 33. f4 Re7 34. g3 h5 35. Re2 h4 36. Ng4 hxg3 37. hxg3 Nb6 38. Qxa6 Bxd4+ 39. Kh2 Bxc3 40. bxc3 Nd5 41. Qc4 Rxe2+ 42. Qxe2 Nxc3 43. Qb2 Qd4 44. Ne5 c5 45. a3 Qe3 46. Qb7 Qe2+ 47. Qg2 Qh5+ 48. Qh3 Qd1 49. Qg2 Qb3 50. Qd2 Ne4 51. Qe1 f5 52. Qg1 Qb2+ 53. Qg2 Qxa3 54. g4 Qe3 55. Qf3 Qxf3 56. Nxf3 fxg4 57. Ne5 g3+ 58. Kg2 Kf6 59. Kf3 Kf5 60. Nc4 Ke6 61. Ne3 Nd6 62. Ke2 Nf5 63. Nc4 Nd4+ 64. Kf1 Kf5 65. Ne5 g5 66. Nd3 c4 0-1

[Event "Chigorin Memorial 2018"]
[Site "St. Petersburg"]
[Date "2018.10.30"]
[Round "4.96"]
[White "Titievskaya, Elizaveta"]
[Black "Postanogov, Dmitrii"]
[Result "0-1"]
[WhiteElo "1878"]
[BlackElo "2101"]
[PlyCount "100"]
[EventDate "2018.10.27"]
[EventType "swiss"]
[EventCountry "RUS"]
[WhiteTeam "Russland"]
[BlackTeam "Russland"]
[WhiteTeamCountry "RUS"]
[BlackTeamCountry "RUS"]

1. e4 c6 2. d4 d5 3. exd5 cxd5 4. c4 Nf6 5. Nc3 e6 6. c5 Be7 7. Nf3 O-O 8. b4 b6 9. Bb2 Bb7 10. Be2 Ne4 11. O-O Bf6 12. Rb1 bxc5 13. bxc5 Bc6 14. Ne1 Nd7 15. Nxe4 dxe4 16. Ba1 Bd5 17. Qa4 Nb8 18. Nc2 Nc6 19. Ne3 Ne7 20. Rfd1 Bg5 21. Nxd5 Nxd5 22. Rb7 e3 23. fxe3 Bxe3+ 24. Kh1 Bf4 25. g3 Nc3 26. Qb3 Nxe2 27. gxf4 Nxf4 28. c6 Qd5+ 29. Qxd5 Nxd5 30. Bb2 Rfc8 31. Rc1 Rc7 32. Rc5 Rac8 33. Ba3 g6 34. Rxc7 Rxc7 35. Rc1 f5 36. Bd6 Rc8 37. c7 Kf7 38. Rc6 Ke8 39. Ra6 Nxc7 40. Rxa7 Kd7 41. Bf4 Kc6 42. Ra5 Nd5 43. Rc5+ Kd7 44. Rxc8 Kxc8 45. Bd2 Kb7 46. Kg2 Ka6 47. a4 Nb6 48. Kg3 Nxa4 49. Kf4 Nb6 50. Ke5 Nc4+ 0-1

[Event "Chigorin Memorial 2018"]
[Site "St. Petersburg"]
[Date "2018.10.30"]
[Round "4.97"]
[White "Khodko, Yurii N."]
[Black "Frolov, Aleksey G."]
[Result "0-1"]
[WhiteElo "1858"]
[BlackElo "2086"]
[PlyCount "82"]
[EventDate "2018.10.27"]
[EventType "swiss"]
[EventCountry "RUS"]
[WhiteTeam "Russland"]
[BlackTeam "Russland"]
[WhiteTeamCountry "RUS"]
[BlackTeamCountry "RUS"]

1. e4 e5 2. Nf3 Nc6 3. Bb5 a6 4. Ba4 Nf6 5. O-O Be7 6. Re1 b5 7. Bb3 d6 8. c3 O-O 9. h3 Bb7 10. d4 Nd7 11. Nbd2 exd4 12. cxd4 Re8 13. Nf1 Na5 14. Bc2 c5 15. d5 Nc4 16. b3 Bf6 17. Rb1 Nce5 18. Nxe5 Bxe5 19. Ne3 Nf6 20. Qf3 Qa5 21. Re2 Qxa2 22. Bd2 b4 23. Bxb4 a5 24. Bd3 axb4 25. Rxa2 Rxa2 26. g4 g6 27. Bb5 Re7 28. Kg2 Bd4 29. Bd3 Nxe4 30. Bxe4 Bxe3 31. Qxe3 Bxd5 32. Rd1 Rxe4 33. Qh6 Rd4+ 34. Kg3 Rxd1 35. Qg5 Rd3+ 36. Kh4 Rxf2 37. Qd8+ Kg7 38. Qxd6 Rff3 39. Qe5+ f6 40. Qe7+ Bf7 41. g5 Rf4# 0-1

[Event "Chigorin Memorial 2018"]
[Site "St. Petersburg"]
[Date "2018.10.30"]
[Round "4.98"]
[White "Klevets, Ksenia"]
[Black "Khlopushin, Dmitriy"]
[Result "1-0"]
[WhiteElo "1834"]
[BlackElo "2072"]
[PlyCount "85"]
[EventDate "2018.10.27"]
[EventType "swiss"]
[EventCountry "RUS"]
[WhiteTeam "Russland"]
[BlackTeam "Russland"]
[WhiteTeamCountry "RUS"]
[BlackTeamCountry "RUS"]

1. e4 e5 2. Nf3 Nc6 3. Bc4 Nf6 4. d3 Bc5 5. O-O d6 6. c3 O-O 7. Bb3 Bb6 8. Nbd2 Ne7 9. h3 Ng6 10. Nc4 Be6 11. Nxb6 axb6 12. Re1 Nf4 13. Bxf4 exf4 14. Qe2 h6 15. Bxe6 fxe6 16. e5 dxe5 17. Nxe5 g5 18. d4 Re8 19. Ng4 Nxg4 20. hxg4 Qd5 21. Qd3 Kg7 22. c4 Qd7 23. f3 Qd6 24. a3 e5 25. d5 Rh8 26. b4 Rae8 27. Re2 Qf6 28. Rae1 Re7 29. Qc3 Rhe8 30. Re4 Qd6 31. Rd1 Kf6 32. c5 bxc5 33. bxc5 Qa6 34. d6 Rd7 35. Rd5 cxd6 36. cxd6 Qb6+ 37. Kh2 Rxd6 38. Rdxe5 Rxe5 39. Qxe5+ Kf7 40. Qf5+ Rf6 41. Qh7+ Kf8 42. Qh8+ Kf7 43. Qe8+ 1-0

[Event "Chigorin Memorial 2018"]
[Site "St. Petersburg"]
[Date "2018.10.30"]
[Round "4.99"]
[White "Torres Dominguez, David"]
[Black "Gutsulyak, Nikolay"]
[Result "1-0"]
[WhiteElo "2067"]
[BlackElo "1861"]
[PlyCount "103"]
[EventDate "2018.10.27"]
[EventType "swiss"]
[EventCountry "RUS"]
[WhiteTeam "Spanien"]
[BlackTeam "Russland"]
[WhiteTeamCountry "ESP"]
[BlackTeamCountry "RUS"]

1. d4 e6 2. e4 d5 3. exd5 exd5 4. Bd3 c5 5. Nf3 Nf6 6. O-O Be7 7. dxc5 O-O 8. Be3 Ne4 9. c4 Nxc5 10. cxd5 Nxd3 11. Qxd3 Bg4 12. Ne5 Bh5 13. Nc3 Bf6 14. Bd4 Na6 15. Qb5 Rb8 16. Rfe1 Nc7 17. Qa5 Ra8 18. Qb4 Nxd5 19. Qxb7 Nf4 20. Qe4 Bg5 21. Be3 Ne6 22. Bxg5 Qxg5 23. Qe3 Rfd8 24. Qxg5 Nxg5 25. f3 f6 26. h4 Nh3+ 27. Kh2 Nf4 28. Nc4 Rac8 29. Re4 g5 30. hxg5 fxg5 31. Rd1 Rxd1 32. Nxd1 Bg6 33. Rd4 Ne6 34. Rd6 Rxc4 35. Rxe6 Rc2 36. Rd6 a5 37. Ra6 Rd2 38. Ne3 Rxb2 39. Rxa5 h6 40. Ra8+ Kg7 41. Ra7+ Bf7 42. Nc4 Rxa2 43. Rxa2 Bxc4 44. Rc2 Be6 45. Kg3 h5 46. Rc5 Kf6 47. Ra5 Bd7 48. Kf2 Be6 49. Ke3 Bd7 50. Kf2 Be6 51. f4 gxf4 52. Kf3 1-0

[Event "Chigorin Memorial 2018"]
[Site "St. Petersburg"]
[Date "2018.10.30"]
[Round "4.100"]
[White "Zabolotnov, Evgeny"]
[Black "Kombar, Mariya"]
[Result "1/2-1/2"]
[WhiteElo "2064"]
[BlackElo "1851"]
[PlyCount "104"]
[EventDate "2018.10.27"]
[EventType "swiss"]
[EventCountry "RUS"]
[WhiteTeam "Russland"]
[BlackTeam "Russland"]
[WhiteTeamCountry "RUS"]
[BlackTeamCountry "RUS"]

1. d4 f5 2. Nf3 e6 3. g3 Nf6 4. Bg2 d5 5. O-O Bd6 6. c4 c6 7. Nc3 O-O 8. Qc2 Ne4 9. Rb1 a5 10. a3 Qe7 11. b4 axb4 12. axb4 Bxb4 13. Nxe4 dxe4 14. Bg5 Qd7 15. Rxb4 exf3 16. Bxf3 Qxd4 17. Be7 Re8 18. Rd1 Ra1 19. Rbb1 Rxb1 20. Qxb1 Qxc4 21. Qb6 Nd7 22. Qc7 e5 23. Bd8 e4 24. Qxc8 Ne5 25. Bg2 Qxe2 26. Rf1 Nf7 27. Qxb7 Nxd8 28. Qd7 Rf8 29. Ra1 Qb2 30. Ra8 Qf6 31. Bf1 Nf7 32. Rxf8+ Kxf8 33. Qc8+ Nd8 34. Qd7 Nf7 35. Qc8+ Ke7 36. Qc7+ Ke8 37. Bc4 Ne5 38. Qc8+ Ke7 39. Qc7+ Nd7 40. Qc8 Kd6 41. Qb7 Qc3 42. Be2 Qd4 43. Qb3 Qd5 44. Qb2 Qe5 45. Qb3 c5 46. Bb5 Qa1+ 47. Kg2 Ne5 48. Qg8 Qb2 49. Qb8+ Ke7 50. Qc7+ Kf6 51. Qxc5 Nf7 52. Qc6+ Ke7 1/2-1/2

[Event "Chigorin Memorial 2018"]
[Site "St. Petersburg"]
[Date "2018.10.30"]
[Round "4.101"]
[White "Kharlamov, Igor"]
[Black "Dmitriev, Leonid"]
[Result "1-0"]
[WhiteElo "2063"]
[BlackElo "1818"]
[PlyCount "65"]
[EventDate "2018.10.27"]
[EventType "swiss"]
[EventCountry "RUS"]
[WhiteTeam "Israel"]
[BlackTeam "Russland"]
[WhiteTeamCountry "ISR"]
[BlackTeamCountry "RUS"]

1. d4 d5 2. c4 e6 3. Nc3 Nf6 4. Bg5 Nbd7 5. e3 Be7 6. Nf3 O-O 7. Bd3 b6 8. O-O Bb7 9. cxd5 exd5 10. Rc1 c5 11. dxc5 Nxc5 12. Be2 Rc8 13. Nd4 Nce4 14. Nxe4 dxe4 15. Qa4 a6 16. Nf5 b5 17. Qd4 Rxc1 18. Rxc1 Re8 19. Qxd8 Bxd8 20. Nd6 Re7 21. Bxf6 gxf6 22. Rd1 Bb6 23. Bg4 Bc5 24. Nf5 Rc7 25. Rd8+ Bf8 26. h4 Rc2 27. h5 Rc7 28. Nd6 Bd5 29. h6 Rc6 30. Nf5 Rc7 31. Rxd5 Rc1+ 32. Kh2 Rc2 33. Kg3 1-0

[Event "Chigorin Memorial 2018"]
[Site "St. Petersburg"]
[Date "2018.10.30"]
[Round "4.102"]
[White "Ofitserian, Armen"]
[Black "Bulsoev, Alexander"]
[Result "1-0"]
[WhiteElo "2055"]
[BlackElo "1828"]
[PlyCount "95"]
[EventDate "2018.10.27"]
[EventType "swiss"]
[EventCountry "RUS"]
[WhiteTeam "Russland"]
[BlackTeam "Russland"]
[WhiteTeamCountry "RUS"]
[BlackTeamCountry "RUS"]

1. Nf3 d5 2. b3 Nf6 3. Bb2 c6 4. e3 Bf5 5. Be2 h6 6. d3 e6 7. O-O Be7 8. Nbd2 Nbd7 9. Re1 O-O 10. Bf1 Bh7 11. c4 Re8 12. d4 Rc8 13. Qc1 c5 14. Qd1 Bf8 15. Ne5 a6 16. Bd3 Ne4 17. Nxe4 dxe4 18. Be2 Nxe5 19. dxe5 Qc7 20. Qc2 Red8 21. Red1 Be7 22. Bc3 Qc6 23. Rac1 Bg6 24. Qb2 Qc7 25. Qa3 Rxd1+ 26. Rxd1 Rd8 27. Qb2 Rxd1+ 28. Bxd1 Qd7 29. Be2 Bd8 30. b4 cxb4 31. Bxb4 Bc7 32. h3 Kh7 33. g3 Kg8 34. Kg2 Qa4 35. Bd6 Qc6 36. c5 Bd8 37. Qb4 Kh7 38. Bd1 b5 39. a4 f5 40. axb5 axb5 41. Bb3 Bf7 42. Qa3 Qd7 43. Qa2 g6 44. c6 Qxc6 45. Bxe6 Bxe6 46. Qxe6 Qb7 47. Qe8 Ba5 48. e6 1-0

[Event "Chigorin Memorial 2018"]
[Site "St. Petersburg"]
[Date "2018.10.30"]
[Round "4.103"]
[White "Pankova, Julia"]
[Black "Ivanov, Sergei V."]
[Result "0-1"]
[WhiteElo "1826"]
[BlackElo "2055"]
[PlyCount "100"]
[EventDate "2018.10.27"]
[EventType "swiss"]
[EventCountry "RUS"]
[WhiteTeam "Russland"]
[BlackTeam "Russland"]
[WhiteTeamCountry "RUS"]
[BlackTeamCountry "RUS"]

1. e4 c6 2. d4 d5 3. exd5 cxd5 4. Bd3 Nc6 5. c3 Qc7 6. Ne2 Bg4 7. O-O e6 8. Qe1 Bh5 9. Nf4 Nf6 10. Nxh5 Nxh5 11. f4 Bd6 12. Qh4 Nf6 13. Be3 O-O-O 14. b4 Kb8 15. Nd2 h6 16. Qh3 g5 17. b5 Ne7 18. c4 Ng6 19. Bxg6 fxg6 20. Rac1 gxf4 21. Bf2 Qe7 22. c5 Bc7 23. b6 axb6 24. cxb6 Bxb6 25. Rb1 Ba7 26. Rfe1 Rd6 27. Rb5 Rh7 28. a4 g5 29. Rc1 Ne4 30. Nxe4 dxe4 31. Qc3 Qd8 32. Rcb1 e3 33. Be1 e2 34. Qb3 Bxd4+ 35. Kh1 Qc8 36. Qd3 Rhd7 37. Qxe2 Be3 38. Qb2 Qc6 39. Qh8+ Rd8 40. Qg7 R8d7 41. Qh8+ Qc8 42. Qe5 Bd4 43. Qe4 Qc6 44. Qg6 Rd8 45. Qh7 R6d7 46. Qxh6 f3 47. Qh3 Rf8 48. Qg3+ e5 49. Bb4 Rff7 50. Rxe5 fxg2+ 0-1

[Event "Chigorin Memorial 2018"]
[Site "St. Petersburg"]
[Date "2018.10.30"]
[Round "4.104"]
[White "Petrochenko, Maria"]
[Black "Nuritdinov, Nizomitdin"]
[Result "1-0"]
[WhiteElo "2054"]
[BlackElo "1796"]
[PlyCount "114"]
[EventDate "2018.10.27"]
[EventType "swiss"]
[EventCountry "RUS"]
[WhiteTeam "Russland"]
[BlackTeam "Russland"]
[WhiteTeamCountry "RUS"]
[BlackTeamCountry "RUS"]

1. d4 d5 2. c4 e6 3. Nf3 Nf6 4. g3 c6 5. Bg2 Bb4+ 6. Bd2 Be7 7. Qc2 O-O 8. O-O b6 9. Rd1 Bb7 10. Bf4 Nbd7 11. Nbd2 Re8 12. e4 dxe4 13. Nxe4 Nxe4 14. Qxe4 Nf6 15. Qe2 Qc8 16. Bh3 h6 17. Ne5 Bf8 18. Rac1 Qd8 19. Qf3 Rc8 20. c5 Qd5 21. Qe2 Qd8 22. Qf3 Qd5 23. Qa3 a6 24. Bg2 Qd8 25. Nc4 b5 26. Nb6 Qxb6 27. cxb6 Bxa3 28. bxa3 Nd5 29. Bxd5 exd5 30. Re1 f6 31. Kf1 Kf7 32. Rc3 Rxe1+ 33. Kxe1 Re8+ 34. Kd2 g5 35. Bd6 Re4 36. Bc5 g4 37. f3 gxf3 38. Rxf3 a5 39. a4 b4 40. a3 bxa3 41. Rxa3 h5 42. Re3 f5 43. Rxe4 dxe4 44. d5 cxd5 45. Kc3 Ke6 46. Kd4 Kf6 47. h4 Ke6 48. Ke3 Bc6 49. Kf4 Kd7 50. Kg5 Bxa4 51. Kxh5 Bc6 52. Kg6 Ke6 53. h5 Ke5 54. h6 f4 55. h7 fxg3 56. h8=Q+ Kf4 57. Qf6+ Kg4 1-0

[Event "Chigorin Memorial 2018"]
[Site "St. Petersburg"]
[Date "2018.10.30"]
[Round "4.105"]
[White "Gkogkas, Dimitrios"]
[Black "Vasilenko, Ekaterina"]
[Result "1-0"]
[WhiteElo "2047"]
[BlackElo "1785"]
[PlyCount "75"]
[EventDate "2018.10.27"]
[EventType "swiss"]
[EventCountry "RUS"]
[WhiteTeam "Griechenland"]
[BlackTeam "Ukraine"]
[WhiteTeamCountry "GRE"]
[BlackTeamCountry "UKR"]

1. d4 f5 2. Nf3 Nf6 3. g3 d6 4. Bg2 g6 5. O-O Bg7 6. Nbd2 O-O 7. Re1 Qe8 8. e4 f4 9. e5 Nh5 10. exd6 cxd6 11. Ne4 Qd7 12. Neg5 fxg3 13. hxg3 Qc7 14. Ne6 Bxe6 15. Rxe6 Nc6 16. c3 Nd8 17. Re2 Nf7 18. Ng5 Nxg5 19. Bxg5 Bf6 20. Bxf6 exf6 21. Qb3+ Kh8 22. Qxb7 Qxb7 23. Bxb7 Rab8 24. Re7 Ng7 25. Rae1 h5 26. R1e2 Nf5 27. Rc7 Rfe8 28. Rxe8+ Rxe8 29. Kf1 Re7 30. Rxe7 Nxe7 31. b4 g5 32. a4 Kg7 33. b5 Kf8 34. a5 Ke8 35. b6 a6 36. Bxa6 Nc6 37. Bb5 Kd7 38. b7 1-0

[Event "Chigorin Memorial 2018"]
[Site "St. Petersburg"]
[Date "2018.10.30"]
[Round "4.106"]
[White "Smorodkin, Kirill"]
[Black "Sapegin, Yaroslav"]
[Result "1-0"]
[WhiteElo "1819"]
[BlackElo "2046"]
[PlyCount "69"]
[EventDate "2018.10.27"]
[EventType "swiss"]
[EventCountry "RUS"]
[WhiteTeam "Russland"]
[BlackTeam "Russland"]
[WhiteTeamCountry "RUS"]
[BlackTeamCountry "RUS"]

1. e4 e5 2. Nf3 Nc6 3. Bb5 Nf6 4. O-O Bc5 5. c3 Nxe4 6. d4 Be7 7. Nxe5 O-O 8. Nxc6 dxc6 9. Bd3 Nf6 10. h3 Be6 11. c4 Re8 12. Nc3 Qd7 13. Kh2 Rad8 14. Ne2 Bf5 15. Bc2 Bd6+ 16. f4 Bf8 17. b3 Bxc2 18. Qxc2 Qe6 19. Ng3 Rxd4 20. Bb2 Rdd8 21. Bc3 Ne4 22. Rae1 Nxg3 23. Kxg3 Qh6 24. Be5 Bd6 25. Qf2 Bxe5 26. fxe5 Qg6+ 27. Kh2 b6 28. Re3 Qe6 29. Qg3 Kf8 30. Qh4 Kg8 31. Qg3 Qg6 32. Qf2 Re7 33. Qh4 Rd2 34. Rg3 Qe6 35. Qg5 1-0

[Event "Chigorin Memorial 2018"]
[Site "St. Petersburg"]
[Date "2018.10.30"]
[Round "4.107"]
[White "Myshkovskiy, Sviatoslav"]
[Black "Bodnaruk, Kseniya"]
[Result "1-0"]
[WhiteElo "2046"]
[BlackElo "1777"]
[PlyCount "57"]
[EventDate "2018.10.27"]
[EventType "swiss"]
[EventCountry "RUS"]
[WhiteTeam "Russland"]
[BlackTeam "Russland"]
[WhiteTeamCountry "RUS"]
[BlackTeamCountry "RUS"]

1. d4 d5 2. c4 e6 3. Nc3 Nf6 4. Nf3 Be7 5. Bf4 O-O 6. e3 c6 7. c5 Nbd7 8. Bd3 b6 9. b4 bxc5 10. bxc5 Re8 11. Qa4 Nh5 12. Qxc6 Nxf4 13. exf4 Qa5 14. Rc1 Rb8 15. O-O Nf6 16. Ne5 Rb4 17. Nb5 Rd8 18. Nd6 Rb8 19. Ndxf7 Bd7 20. Nxd7 Rxd7 21. Qxe6 Kf8 22. Ne5 Bd8 23. Nxd7+ Nxd7 24. Qxd7 Be7 25. Rce1 Re8 26. Bb5 Qd8 27. Qxe8+ Qxe8 28. Bxe8 Kxe8 29. c6 1-0

[Event "Chigorin Memorial 2018"]
[Site "St. Petersburg"]
[Date "2018.10.30"]
[Round "4.108"]
[White "Babanin, Gleb"]
[Black "Semenova, Anastasia"]
[Result "1-0"]
[WhiteElo "2037"]
[BlackElo "1769"]
[PlyCount "129"]
[EventDate "2018.10.27"]
[EventType "swiss"]
[EventCountry "RUS"]
[WhiteTeam "Russland"]
[BlackTeam "Russland"]
[WhiteTeamCountry "RUS"]
[BlackTeamCountry "RUS"]

1. e4 e5 2. Nf3 Nf6 3. Nxe5 d6 4. Nf3 Nxe4 5. d4 d5 6. Bd3 Bd6 7. O-O O-O 8. Re1 Bf5 9. c4 c6 10. Nc3 Nxc3 11. bxc3 Bxd3 12. Qxd3 dxc4 13. Qxc4 b5 14. Qd3 Nd7 15. Bg5 f6 16. Bh4 Nb6 17. Bg3 Bxg3 18. hxg3 Qd7 19. Nd2 Rfe8 20. Ne4 Re7 21. Nc5 Qd6 22. Rxe7 Qxe7 23. a4 bxa4 24. Nxa4 Re8 25. Qa6 Qc7 26. Nc5 Nd5 27. Qd3 Qf7 28. Rc1 f5 29. Qf3 f4 30. c4 Nb6 31. gxf4 Nxc4 32. Qxc6 a5 33. Nb7 Kh8 34. Qxc4 Qxb7 35. d5 Qd7 36. Qc6 Qxc6 37. Rxc6 Rd8 38. Ra6 Kg8 39. Rxa5 Kf7 40. g4 Rd7 41. Kg2 Rd6 42. Kf3 h6 43. Ke4 Kf6 44. Rc5 Rd8 45. Rc6+ Kf7 46. Ke5 Re8+ 47. Kf5 Re7 48. g5 Rd7 49. g6+ Ke7 50. Ke5 Rd8 51. Rc7+ Kf8 52. Rf7+ Kg8 53. d6 h5 54. Rf5 Re8+ 55. Kd5 h4 56. Rh5 Ra8 57. Rxh4 Ra5+ 58. Ke6 Ra7 59. d7 Ra6+ 60. Ke7 Ra7 61. Ke8 Ra4 62. Rh8+ Kxh8 63. d8=Q Ra7 64. Qh4+ Kg8 65. Qh7# 1-0

[Event "Chigorin Memorial 2018"]
[Site "St. Petersburg"]
[Date "2018.10.30"]
[Round "4.109"]
[White "Ponomarev, Vsevolod"]
[Black "Efremov, Vladislav"]
[Result "0-1"]
[WhiteElo "1812"]
[BlackElo "2035"]
[PlyCount "102"]
[EventDate "2018.10.27"]
[EventType "swiss"]
[EventCountry "RUS"]
[WhiteTeam "Russland"]
[BlackTeam "Russland"]
[WhiteTeamCountry "RUS"]
[BlackTeamCountry "RUS"]

1. e4 c5 2. Nf3 a6 3. c4 e6 4. Nc3 Qc7 5. d4 cxd4 6. Nxd4 d6 7. Be2 Nf6 8. O-O Be7 9. f4 Nbd7 10. Be3 b6 11. Bf3 Bb7 12. Rc1 O-O 13. Kh1 Rac8 14. b3 Rfd8 15. Qc2 Bf8 16. Nde2 e5 17. f5 h6 18. g4 Nh7 19. Qd2 Be7 20. Bg2 Bc6 21. Ng3 Qb7 22. Nd5 Bxd5 23. exd5 b5 24. Ne4 Ndf6 25. Nxf6+ Bxf6 26. Rf3 bxc4 27. bxc4 Qe7 28. Qa5 Bg5 29. h3 Bxe3 30. Rxe3 Qg5 31. Rec3 h5 32. c5 dxc5 33. Rxc5 Rxc5 34. Qxc5 hxg4 35. hxg4 Nf6 36. Kg1 Nxg4 37. Re1 Qxf5 38. Qb6 Qf6 39. Qa7 Qh4 40. Re4 Qh2+ 41. Kf1 Qg3 42. Re2 Qf4+ 43. Kg1 Qc1+ 44. Bf1 Qg5 45. Bg2 Rc8 46. Re1 Qh4 47. Rb1 Qh2+ 48. Kf1 Qg3 49. Bh1 Nh2+ 50. Ke2 Rc2+ 51. Kd1 Qd3+ 0-1

[Event "Chigorin Memorial 2018"]
[Site "St. Petersburg"]
[Date "2018.10.30"]
[Round "4.110"]
[White "Chugunov, Vadim"]
[Black "Tsapalin, Sergey"]
[Result "1/2-1/2"]
[WhiteElo "1790"]
[BlackElo "2032"]
[PlyCount "106"]
[EventDate "2018.10.27"]
[EventType "swiss"]
[EventCountry "RUS"]
[WhiteTeam "Russland"]
[BlackTeam "Russland"]
[WhiteTeamCountry "RUS"]
[BlackTeamCountry "RUS"]

1. e4 c5 2. Nf3 Nc6 3. d4 cxd4 4. Nxd4 e5 5. Nb5 d6 6. a4 Be7 7. N1c3 a6 8. Na3 Nf6 9. Be2 Be6 10. Be3 d5 11. exd5 Nxd5 12. Nxd5 Bxd5 13. O-O O-O 14. Bc4 Nb4 15. c3 Bxc4 16. Nxc4 Nd5 17. Qf3 Nxe3 18. Nxe3 Bc5 19. Rad1 Qe8 20. Nf5 g6 21. Nh6+ Kg7 22. Ng4 Qe6 23. Rd5 e4 24. Qf4 f5 25. Qc7+ Rf7 26. Qxc5 fxg4 27. Qd4+ Kg8 28. Re5 Qb3 29. Qxe4 Qxb2 30. Re8+ Rxe8 31. Qxe8+ Kg7 32. Qe5+ Kg8 33. Qe8+ Kg7 34. Qe3 Qb3 35. Qd4+ Kg8 36. Re1 Rf8 37. g3 Qf7 38. Re4 h5 39. Rf4 Qe6 40. Rxf8+ Kxf8 41. Qh8+ Ke7 42. Qg7+ Qf7 43. Qe5+ Kd7 44. Qd4+ Kc7 45. Qe5+ Kc8 46. Qc5+ Kb8 47. Qd6+ Ka7 48. Qd4+ b6 49. a5 Qc7 50. axb6+ Qxb6 51. Qd7+ Kb8 52. Qe8+ Kb7 53. Qf7+ Kb8 1/2-1/2

[Event "Chigorin Memorial 2018"]
[Site "St. Petersburg"]
[Date "2018.10.30"]
[Round "4.111"]
[White "Vorobieva, Varvara"]
[Black "Nikitinyh, Boris"]
[Result "0-1"]
[WhiteElo "1760"]
[BlackElo "2031"]
[PlyCount "72"]
[EventDate "2018.10.27"]
[EventType "swiss"]
[EventCountry "RUS"]
[WhiteTeam "Russland"]
[BlackTeam "Russland"]
[WhiteTeamCountry "RUS"]
[BlackTeamCountry "RUS"]

1. e4 c6 2. d4 d5 3. exd5 cxd5 4. Nf3 Nc6 5. Bd3 Nf6 6. c3 e6 7. O-O Bd6 8. Bg5 h6 9. Bh4 Bd7 10. Nbd2 Qc7 11. Bg3 Bxg3 12. hxg3 O-O-O 13. b4 Kb8 14. a4 Ng4 15. Nb3 h5 16. Nc5 h4 17. gxh4 Rxh4 18. Nxd7+ Rxd7 19. g3 Rh3 20. Kg2 Rxg3+ 21. fxg3 Ne3+ 22. Kf2 Nxd1+ 23. Rfxd1 Rd8 24. Rac1 f6 25. Bb5 a6 26. Bxc6 Qxc6 27. a5 Rf8 28. Rc2 e5 29. Rdc1 e4 30. Ne1 f5 31. Ng2 g5 32. Rf1 f4 33. gxf4 gxf4 34. Ke1 Qh6 35. Kd1 f3 36. Ne1 Qe3 0-1

[Event "Chigorin Memorial 2018"]
[Site "St. Petersburg"]
[Date "2018.10.30"]
[Round "4.112"]
[White "Vorobyova, Valeriya"]
[Black "Serov, Aleksandr"]
[Result "1-0"]
[WhiteElo "2030"]
[BlackElo "1688"]
[PlyCount "85"]
[EventDate "2018.10.27"]
[EventType "swiss"]
[EventCountry "RUS"]
[WhiteTeam "Russland"]
[BlackTeam "Russland"]
[WhiteTeamCountry "RUS"]
[BlackTeamCountry "RUS"]

1. e4 c6 2. d4 d5 3. Nc3 dxe4 4. Nxe4 Nd7 5. Bc4 Ndf6 6. Ng5 e6 7. Ne2 Bd6 8. O-O Ne7 9. Ng3 O-O 10. c3 b5 11. Bd3 Bb7 12. N3e4 Ned5 13. Qc2 h6 14. Nxd6 Qxd6 15. Nf3 a6 16. a4 Rac8 17. b3 c5 18. axb5 axb5 19. Bxb5 cxd4 20. Ba3 Qb6 21. Bxf8 Rxc3 22. Qd1 Kxf8 23. Bc4 Nf4 24. Qxd4 Qxd4 25. Nxd4 Bxg2 26. Rfc1 Rxc1+ 27. Rxc1 Ne4 28. Ne2 Nxe2+ 29. Bxe2 Bh3 30. b4 Nf6 31. b5 Nd7 32. Bf3 Ke7 33. Bc6 Nb6 34. Bb7 Bf5 35. Rc7+ Kd6 36. Rxf7 g6 37. Bg2 Kc5 38. Bf1 Be4 39. f3 Bf5 40. Rc7+ Kd5 41. Rc6 Nd7 42. Bc4+ Kd4 43. Bxe6 1-0

[Event "Chigorin Memorial 2018"]
[Site "St. Petersburg"]
[Date "2018.10.30"]
[Round "4.113"]
[White "Gurskiy, Dmitriy"]
[Black "Lazhevskaya, Zhanni"]
[Result "1/2-1/2"]
[WhiteElo "1701"]
[BlackElo "2029"]
[PlyCount "82"]
[EventDate "2018.10.27"]
[EventType "swiss"]
[EventCountry "RUS"]
[WhiteTeam "Russland"]
[BlackTeam "Russland"]
[WhiteTeamCountry "RUS"]
[BlackTeamCountry "RUS"]

1. e4 e5 2. Nf3 Nc6 3. Bc4 Nf6 4. Ng5 d5 5. exd5 Nd4 6. c3 b5 7. Bf1 Nxd5 8. cxd4 Qxg5 9. Bxb5+ Kd8 10. Qf3 exd4 11. O-O Bd6 12. d3 Nf4 13. Na3 Rb8 14. Nc4 Bg4 15. Nxd6 cxd6 16. Qxf4 Qxf4 17. Bxf4 Rxb5 18. b3 Kd7 19. Rac1 Be6 20. Rfe1 Rc5 21. Re4 Rhc8 22. Rce1 g5 23. Bd2 Rc2 24. Bxg5 Rxa2 25. Rxd4 Rcc2 26. Be3 Bxb3 27. Rb4 Bd5 28. Rh4 a5 29. h3 a4 30. Rb1 a3 31. Rb5 Ra1+ 32. Kh2 Be6 33. Ra5 a2 34. Rha4 Rd1 35. Ra3 h5 36. Kg3 Rg1 37. Kh2 Rb1 38. Kg3 Rb4 39. d4 Bc4 40. Kh4 Rb5 41. R5a4 Rb3 1/2-1/2

[Event "Chigorin Memorial 2018"]
[Site "St. Petersburg"]
[Date "2018.10.30"]
[Round "4.114"]
[White "Moskaleva, Arina"]
[Black "Solomin, Maxim"]
[Result "1/2-1/2"]
[WhiteElo "1675"]
[BlackElo "2025"]
[PlyCount "82"]
[EventDate "2018.10.27"]
[EventType "swiss"]
[EventCountry "RUS"]
[WhiteTeam "Russland"]
[BlackTeam "Russland"]
[WhiteTeamCountry "RUS"]
[BlackTeamCountry "RUS"]

1. e4 e6 2. d4 d5 3. Nd2 Nc6 4. c3 dxe4 5. Nxe4 Qd5 6. Bd3 Be7 7. Nf3 Nf6 8. Nxf6+ Bxf6 9. Bf4 e5 10. dxe5 Bxe5 11. Nxe5 Nxe5 12. Qe2 Qxd3 13. Qxe5+ Be6 14. Rd1 Qg6 15. O-O O-O 16. Qxc7 b5 17. Qe5 Rfc8 18. Rd2 Bxa2 19. Rfd1 Bb3 20. Re1 a6 21. h3 Bc4 22. Re3 f6 23. Qd6 a5 24. Rg3 Qf7 25. Bh6 g6 26. Rf3 f5 27. Re3 Re8 28. Rxe8+ Rxe8 29. Qc6 Qe6 30. Qb7 Qe1+ 31. Kh2 Bf7 32. Qxb5 Qe5+ 33. Qxe5 Rxe5 34. Rd8+ Re8 35. Rxe8+ Bxe8 36. b3 Bf7 37. c4 a4 38. bxa4 Bxc4 39. a5 Kf7 40. Be3 Kf6 41. Kg3 g5 1/2-1/2